| 000 | 00348nam a22001577a 4500 | ||
|---|---|---|---|
| 003 | SGT | ||
| 020 | _a978-93-81269-17-6 | ||
| 082 |
_a581.1929 _bB12P |
||
| 100 | _aPRIDHAN, J.B | ||
| 245 | _aBIOSYNTHETIC PATHWAYS IN HIGHER PLANT | ||
| 250 | _a1ST | ||
| 260 |
_aNEW DELHI _bELSEVIER _c2012 |
||
| 300 | _a212 | ||
| 650 | _aPHARMACY | ||
| 942 |
_2ddc _cBK |
||
| 999 |
_c9604 _d9604 |
||